Vista normal
Vista MARC
Entrada Topical Term
Número de registros utilizados en: 10
001 - CONTROL NUMBER
- control field: 5643
003 - CONTROL NUMBER IDENTIFIER
- control field: OSt
005 - DATE AND TIME OF LATEST TRANSACTION
- control field: 20230915225823.0
008 - FIXED-LENGTH DATA ELEMENTS
- fixed length control field: 230915|| aca||aabn | a|a d
040 ## - CATALOGING SOURCE
- Original cataloging agency: OSt
- Transcribing agency: OSt
150 ## - HEADING--TOPICAL TERM
- Topical term or geographic name entry element: POESIA CHILENA
670 ## - SOURCE DATA FOUND
- Source citation: Work cat.: (OSt)18695: Gabriela Mistral, Juana de Ibarbourou, Alfonsina Storni : , 1997